[Event "London Classic rapid op 11th"]
[Site "London"]
[Date "2019.12.07"]
[Round "1"]
[White "O'Gorman, Tom"]
[Black "Trivedi, Aarnavh"]
[Result "1-0"]
[WhiteElo "2001"]
[BlackElo "1611"]
[PlyCount "59"]
[EventDate "2019.12.07"]
[EventType "swiss (rapid)"]
[EventRounds "7"]
[EventCountry "ENG"]
[SourceTitle "CBM 195 Extra"]
[Source "ChessBase"]
[SourceDate "2020.05.31"]
[SourceVersion "1"]
[SourceVersionDate "2020.05.31"]
[SourceQuality "1"]

1. d4 d5 2. c4 c6 3. Nc3 e5 4. cxd5 cxd5 5. e3 exd4 6. Qxd4 Nf6 7. Nf3 Nc6 8. Bb5 Be7 9. 0-0 0-0 10. Qd1 Bg4 11. h3 Bh5 12. b3 Rc8 13. Bb2 Bxf3 14. Qxf3 Ne5 15. Qd1 a6 16. Be2 Ng6 17. Rc1 b5 18. Bf3 Qa5 19. a3 Bxa3 20. Ra1 b4 21. Nb1 Qb6 22. Nxa3 bxa3 23. Rxa3 Rfd8 24. Qd4 Qd6 25. Rfa1 Rc6 26. Ra5 Ne7 27. Qd3 Nd7 28. Rxa6 Nc5 29. Rxc6 Nxd3 30. Rxd6 1-0

[Event "Gibraltar U12 op"]
[Site "Caleta"]
[Date "2019.08.18"]
[Round "4"]
[White "Serrano Almendros, Angel"]
[Black "Trivedi, Aarnavh"]
[Result "1-0"]
[WhiteElo "1913"]
[BlackElo "1724"]
[PlyCount "109"]
[EventDate "2019.08.16"]
[EventType "swiss"]
[EventRounds "6"]
[EventCountry "GGB"]
[SourceTitle "CBM 195 Extra"]
[Source "ChessBase"]
[SourceDate "2020.05.31"]
[SourceVersion "1"]
[SourceVersionDate "2020.05.31"]
[SourceQuality "1"]

1. d4 d5 2. c4 c6 3. cxd5 cxd5 4. Bf4 Nc6 5. e3 Nf6 6. Nc3 e6 7. Bd3 a6 8. a3 Be7 9. Rc1 Bd7 10. h3 h6 11. Nf3 Rc8 12. 0-0 0-0 13. b4 b5 14. Ne5 Be8 15. Bb1 Nxe5 16. dxe5 Nd7 17. e4 d4 18. Qxd4 Nb6 19. Qxd8 Rxd8 20. Ba2 Bc6 21. Be3 Nc4 22. Bxc4 bxc4 23. Rfd1 Rd3 24. Rxd3 cxd3 25. Bc5 Bxc5 26. bxc5 Rd8 27. Rd1 d2 28. Nb1 Rb8 29. Nxd2 Rd8 30. Kf1 Ba4 31. Ke1 Bxd1 32. Kxd1 a5 33. a4 Kf8 34. Kc2 Rc8 35. Nb3 Ke7 36. Kc3 Ra8 37. Kc4 Kd7 38. Nd4 Rb8 39. c6+ Kc7 40. Kc5 Rb4 41. Nb5+ Kc8 42. Kd6 Rc4 43. c7 Kb7 44. Kd7 Rc1 45. c8Q+ Rxc8 46. Nd6+ Kb6 47. Nxc8+ Kc5 48. Kc7 Kd4 49. Kb6 Kxe4 50. Kxa5 Kxe5 51. Kb5 f5 52. a5 g5 53. a6 f4 54. a7 Kf5 55. a8Q 1-0

[Event "GBR-ch U12 106th"]
[Site "Torquay"]
[Date "2019.07.31"]
[Round "4"]
[White "Fleri, Matthew"]
[Black "Trivedi, Aarnavh"]
[Result "1/2-1/2"]
[WhiteElo "1739"]
[BlackElo "1669"]
[PlyCount "50"]
[EventDate "2019.07.28"]
[EventType "swiss"]
[EventRounds "7"]
[EventCountry "ENG"]
[SourceTitle "EXT 2020"]
[Source "ChessBase"]
[SourceDate "2019.10.17"]
[SourceVersion "1"]
[SourceVersionDate "2019.10.17"]
[SourceQuality "1"]

1. e4 c6 2. d4 d5 3. exd5 cxd5 4. c4 Nf6 5. Nc3 Nc6 6. Bg5 dxc4 7. Bxc4 e6 8. Nf3 Be7 9. 0-0 0-0 10. a3 h6 11. Be3 a6 12. d5 exd5 13. Nxd5 b5 14. Ba2 Nxd5 15. Bxd5 Bb7 16. Rc1 Rc8 17. Ne5 Nxe5 18. Bxb7 Qxd1 19. Rfxd1 Rxc1 20. Rxc1 a5 21. Bd4 Bf6 22. Bxe5 Bxe5 23. Rc5 Rd8 24. g3 Bxb2 25. Rxb5 Bxa3 1/2-1/2

[Event "GBR-ch U12 106th"]
[Site "Torquay"]
[Date "2019.07.30"]
[Round "3"]
[White "Trivedi, Aarnavh"]
[Black "Pert, Nina P"]
[Result "1-0"]
[WhiteElo "1669"]
[BlackElo "1452"]
[PlyCount "107"]
[EventDate "2019.07.28"]
[EventType "swiss"]
[EventRounds "7"]
[EventCountry "ENG"]
[SourceTitle "EXT 2020"]
[Source "ChessBase"]
[SourceDate "2019.10.17"]
[SourceVersion "1"]
[SourceVersionDate "2019.10.17"]
[SourceQuality "1"]

1. c4 e5 2. g3 Nc6 3. Bg2 f5 4. d3 Nf6 5. Nc3 Bb4 6. Bd2 Bxc3 7. Bxc3 d6 8. e3 0-0 9. Ne2 Qe8 10. b4 Qh5 11. d4 f4 12. exf4 Bh3 13. Bxh3 Qxh3 14. d5 Ne7 15. fxe5 Ng4 16. f4 Nf5 17. Kd2 Nf2 18. Qf1 Qxf1 19. Rhxf1 Ng4 20. Rh1 Nf2 21. Rhg1 Ne4+ 22. Kc2 Rae8 23. e6 c6 24. g4 Ne7 25. Rad1 cxd5 26. cxd5 Rc8 27. f5 Rc7 28. Rd4 Nf6 29. Nf4 Rfc8 30. Rd3 Rc4 31. g5 Ne4 32. Ne2 Nxf5 33. a3 g6 34. Kb3 Nxc3 35. Nxc3 a6 36. Re1 Ne7 37. Ne4 Nf5 38. Nf6+ Kf8 39. Nd7+ Ke7 40. Nb6 Rc1 41. Nxc8+ Rxc8 42. Rc3 Nd4+ 43. Kb2 Rxc3 44. Kxc3 Nf3 45. Rf1 Nxg5 46. Kd4 h5 47. h4 Nh3 48. Rf7+ Ke8 49. Rd7 g5 50. hxg5 Nxg5 51. Ke3 h4 52. Rg7 Nh3 53. Rg4 b5 54. Kf3 1-0

[Event "GBR-ch U12 106th"]
[Site "Torquay"]
[Date "2019.07.28"]
[Round "1"]
[White "Bird, Max"]
[Black "Trivedi, Aarnavh"]
[Result "0-1"]
[WhiteElo "1371"]
[BlackElo "1669"]
[PlyCount "88"]
[EventDate "2019.07.28"]
[EventType "swiss"]
[EventRounds "7"]
[EventCountry "ENG"]
[SourceTitle "EXT 2020"]
[Source "ChessBase"]
[SourceDate "2019.10.17"]
[SourceVersion "1"]
[SourceVersionDate "2019.10.17"]
[SourceQuality "1"]

1. c4 e6 2. g3 Nf6 3. Bg2 d5 4. Nc3 c6 5. b3 Nbd7 6. e3 Bd6 7. Nge2 dxc4 8. bxc4 Ne5 9. Qb3 Nd3+ 10. Kf1 Nc5 11. Qc2 Qe7 12. d4 Ncd7 13. a3 0-0 14. Bb2 Re8 15. Ra2 e5 16. Ra1 e4 17. Nb1 Nf8 18. Nd2 Bf5 19. Bc3 h5 20. c5 Bc7 21. Nc4 h4 22. Ke1 h3 23. Bf1 N8h7 24. Rb1 Rab8 25. a4 Ng5 26. Ng1 Bg4 27. Be2 Qe6 28. Ba1 Qf5 29. Bxg4 Nxg4 30. Qb2 Kh7 31. Qe2 Nf3+ 32. Nxf3 exf3 33. Qd1 g6 34. Nd2 Ba5 35. Rb3 Qd5 36. Rb1 Re6 37. Qb3 Bxd2+ 38. Kxd2 Nxf2 39. Qxd5 cxd5 40. Rhf1 Ne4+ 41. Kd3 f2 42. Rb4 b6 43. Bb2 Rc8 44. cxb6 Rxb6 0-1

[Event "EU-chT U12"]
[Site "Pardubice"]
[Date "2019.07.15"]
[Round "5.4"]
[White "Trivedi, Aarnavh"]
[Black "Bouska, Jiri"]
[Result "1-0"]
[WhiteElo "1669"]
[BlackElo "1391"]
[PlyCount "99"]
[EventDate "2019.07.11"]
[EventType "team-swiss"]
[EventRounds "7"]
[EventCountry "CZE"]
[SourceTitle "EXT 2020"]
[Source "ChessBase"]
[SourceDate "2019.10.17"]
[SourceVersion "1"]
[SourceVersionDate "2019.10.17"]
[SourceQuality "1"]
[WhiteTeam "England U12"]
[BlackTeam "Czech Republic U12 III"]
[WhiteTeamCountry "ENG"]
[BlackTeamCountry "CZE"]

1. d4 g6 2. g3 Bg7 3. Bg2 d6 4. c3 Nd7 5. e4 e5 6. Ne2 Ngf6 7. 0-0 0-0 8. h3 b6 9. Qc2 Bb7 10. Be3 Ne8 11. Nd2 f5 12. dxe5 dxe5 13. f4 Nd6 14. c4 exf4 15. gxf4 Re8 16. e5 Bxg2 17. Kxg2 Nxe5 18. fxe5 Rxe5 19. Rf3 Qe7 20. Qb3 c5 21. Nf4 Re8 22. Nd5 Qd8 23. Bf4 Re2+ 24. Rf2 Rxf2+ 25. Kxf2 Qh4+ 26. Qg3 Bd4+ 27. Kf1 Qh5 28. Re1 Rxe1+ 29. Kxe1 Ne4 30. Nxe4 fxe4 31. Qg4 Qxg4 32. hxg4 h5 33. gxh5 gxh5 34. b3 Kf7 35. Ne3 Kf6 36. Kf2 Be5 37. Nd5+ Kf5 38. Bxe5 Kxe5 39. Ke3 h4 40. Nf4 Kf5 41. a3 Ke5 42. Ng6+ Kd6 43. Nxh4 Kc6 44. Kxe4 Kb7 45. Kd5 Ka6 46. Nf5 Ka5 47. Ne7 Ka6 48. Kc6 Ka5 49. Kb7 a6 50. Nc6# 1-0

[Event "EU-chT U12"]
[Site "Pardubice"]
[Date "2019.07.11"]
[Round "1.4"]
[White "Trivedi, Aarnavh"]
[Black "Hagner, Bennet"]
[Result "1-0"]
[WhiteElo "1669"]
[BlackElo "1831"]
[PlyCount "115"]
[EventDate "2019.07.11"]
[EventType "team-swiss"]
[EventRounds "7"]
[EventCountry "CZE"]
[SourceTitle "EXT 2020"]
[Source "ChessBase"]
[SourceDate "2019.10.17"]
[SourceVersion "1"]
[SourceVersionDate "2019.10.17"]
[SourceQuality "1"]
[WhiteTeam "England U12"]
[BlackTeam "Germany U12"]
[WhiteTeamCountry "ENG"]
[BlackTeamCountry "GER"]

1. d4 d5 2. Bf4 Nf6 3. e3 c5 4. c3 Nc6 5. Nd2 e6 6. Ngf3 Bd6 7. Ne5 0-0 8. Bd3 Qc7 9. Ndf3 b6 10. 0-0 Bb7 11. Bg3 h6 12. Nxc6 Bxg3 13. Nce5 Bxe5 14. Nxe5 c4 15. Bc2 b5 16. f4 Nd7 17. g4 Nxe5 18. dxe5 g6 19. Qd4 Kh7 20. Rf3 a5 21. Kf2 b4 22. f5 bxc3 23. bxc3 exf5 24. gxf5 Rae8 25. Rg1 Rg8 26. fxg6+ fxg6 27. Rf6 Qxe5 28. Qxe5 Rxe5 29. Rf7+ Rg7 30. Rxg7+ Kxg7 31. Rxg6+ Kf7 32. Rxh6 Rg5 33. Rh7+ Rg7 34. Rxg7+ Kxg7 35. Kg3 Kf6 36. Kf4 Bc6 37. h4 Be8 38. e4 dxe4 39. Bxe4 Bf7 40. Bf3 Bg6 41. h5 Bb1 42. a3 Bd3 43. Be4 Be2 44. h6 Bf1 45. h7 Kg7 46. Ke5 a4 47. Kd4 Be2 48. Kc5 Bd3 49. Bc6 Bc2 50. Kxc4 Kxh7 51. Kb4 Kg6 52. Bxa4 Be4 53. Be8+ Kf6 54. Kc5 Ke7 55. Bc6 Bd3 56. c4 Kd8 57. a4 Kc7 58. Bd5 1-0

[Event "BCF-chT4S 1819 (4NCL)"]
[Site "England"]
[Date "2019.05.05"]
[Round "10.53"]
[White "Kadodwala, Nalin"]
[Black "Trivedi, Aarnavh"]
[Result "1/2-1/2"]
[WhiteElo "1990"]
[BlackElo "1862"]
[PlyCount "99"]
[EventDate "2018.11.17"]
[EventType "team-swiss"]
[EventRounds "11"]
[EventCountry "ENG"]
[SourceTitle "EXT 2021"]
[Source "ChessBase"]
[SourceDate "2020.10.23"]
[SourceVersion "1"]
[SourceVersionDate "2020.10.23"]
[SourceQuality "1"]
[WhiteTeam "Oxford III"]
[BlackTeam "Poisoned Pawns Next Generation"]
[WhiteTeamCountry "ENG"]
[BlackTeamCountry "ENG"]

1. Nf3 Nf6 2. c4 e6 3. g3 d5 4. Bg2 c6 5. 0-0 Be7 6. d4 0-0 7. Qc2 Nbd7 8. Nbd2 Re8 9. e4 Nxe4 10. Nxe4 dxe4 11. Qxe4 Nf6 12. Qe2 c5 13. dxc5 Bxc5 14. Be3 Bxe3 15. Qxe3 Qc7 16. Rac1 e5 17. b4 Bg4 18. h3 Bxf3 19. Bxf3 e4 20. Be2 a6 21. Rfd1 Rad8 22. a3 h6 23. Kg2 Qc6 24. Rd4 Rxd4 25. Qxd4 Nd7 26. Rd1 Ne5 27. Qd5 g5 28. c5 Kg7 29. Qxc6 Nxc6 30. Rd7 Re7 31. Rxe7 Nxe7 32. a4 Kf6 33. Bc4 Nc6 34. b5 axb5 35. axb5 Nd4 36. Bd5 Ke5 37. c6 bxc6 38. bxc6 Kd6 39. Bxe4 Nxc6 40. Bxc6 Kxc6 41. Kf3 f5 42. g4 Kd5 43. gxf5 h5 44. Kg3 Ke5 45. h4 Kxf5 46. hxg5 Kxg5 47. f4+ Kf5 48. Kh4 Kg6 49. f5+ Kxf5 50. Kxh5 1/2-1/2

[Event "BCF-ch Weekend Under 1825 105th"]
[Site "Hull"]
[Date "2018.07.29"]
[Round "5.5"]
[White "Anika, Rachna Roy"]
[Black "Trivedi, Aarnavh"]
[Result "0-1"]
[WhiteElo "1231"]
[BlackElo "1602"]
[PlyCount "120"]
[EventDate "2018.07.27"]
[EventType "swiss"]
[EventRounds "5"]
[EventCountry "ENG"]
[SourceTitle "EXT 2021"]
[Source "ChessBase"]
[SourceDate "2020.10.23"]
[SourceVersion "1"]
[SourceVersionDate "2020.10.23"]
[SourceQuality "1"]

1. d4 d5 2. c4 c6 3. Nc3 Nf6 4. Nf3 dxc4 5. a4 Bf5 6. e3 e6 7. Bxc4 Nbd7 8. 0-0 Be7 9. b3 0-0 10. Nh4 Bg4 11. Qc2 Nd5 12. Nf3 Bxf3 13. gxf3 Bd6 14. Ne4 Bc7 15. Kh1 Qh4 16. f4 N7f6 17. Be2 Qh3 18. Rg1 Nxe4 19. Qxe4 Nc3 20. Qd3 Nxe2 21. Qxe2 Qf5 22. Bb2 Bd8 23. d5 Bf6 24. Bxf6 Qxf6 25. dxc6 bxc6 26. Rac1 Rac8 27. Qf3 e5 28. Qg2 exf4 29. exf4 g6 30. Qg5 Qd4 31. Qh4 Qd5+ 32. Rg2 Qxb3 33. f5 Qd5 34. f6 Qf5 35. Rc4 Rfd8 36. Rf4 Rd1+ 37. Rg1 Qd5+ 38. f3 Rxg1+ 39. Kxg1 h5 40. Kg2 Rb8 41. Rd4 Rb2+ 42. Kg3 Qe5+ 43. Qf4 h4+ 44. Kh3 Qe6+ 45. Qg4 Qxf6 46. Rf4 Qe6 47. Qxe6 fxe6 48. Rxh4 Kg7 49. Rd4 Kf6 50. Rd7 a6 51. Ra7 Rb8 52. Rxa6 Rc8 53. Rb6 c5 54. Rb1 Ke5 55. Kg3 c4 56. Rc1 Kd4 57. Kf2 Kd3 58. Ke1 c3 59. a5 c2 60. Kf2 Kd2 0-1

[Event "BCF-ch Weekend Under 1825 105th"]
[Site "Hull"]
[Date "2018.07.29"]
[Round "4.4"]
[White "Bowman, Richard L"]
[Black "Trivedi, Aarnavh"]
[Result "0-1"]
[WhiteElo "1822"]
[BlackElo "1602"]
[PlyCount "102"]
[EventDate "2018.07.27"]
[EventType "swiss"]
[EventRounds "5"]
[EventCountry "ENG"]
[SourceTitle "EXT 2021"]
[Source "ChessBase"]
[SourceDate "2020.10.23"]
[SourceVersion "1"]
[SourceVersionDate "2020.10.23"]
[SourceQuality "1"]

1. d4 d5 2. e3 Nf6 3. Bd3 c6 4. Nd2 Bg4 5. f3 Bh5 6. Ne2 Bg6 7. Nf4 Bxd3 8. Nxd3 Nbd7 9. f4 e6 10. Qf3 Qa5 11. c3 c5 12. 0-0 g6 13. Ne5 Bg7 14. Qe2 0-0 15. a4 a6 16. b4 cxb4 17. cxb4 Qb6 18. a5 Qd8 19. Ba3 Re8 20. Qd3 Nxe5 21. fxe5 Ng4 22. Rf4 h5 23. h3 Nh6 24. Rc1 Nf5 25. e4 dxe4 26. Rxe4 Rc8 27. Rxc8 Qxc8 28. Nc4 Qc6 29. Nb6 h4 30. Re2 Rd8 31. Bb2 Qe8 32. Qc4 Bh6 33. Kf2 Qe7 34. d5 Qg5 35. Qg4 Ng3 36. Qxg5 Bxg5 37. Re1 exd5 38. e6 Ne4+ 39. Kf3 fxe6 40. Kg4 Bd2 41. Rf1 Rf8 42. Rxf8+ Kxf8 43. Nd7+ Ke7 44. Ne5 g5 45. Nd3 Kd6 46. Kf3 Kc6 47. Bg7 Kb5 48. Bf8 Kc4 49. Ne5+ Kb3 50. Nd3 Bc3 51. Kg4 Kc4 0-1

[Event "ENG Terafinal"]
[Site "Daventry"]
[Date "2017.08.12"]
[Round "1"]
[White "Trivedi, Aarnavh"]
[Black "Munshi, Aditya"]
[Result "0-1"]
[WhiteElo "121"]
[BlackElo "177"]
[PlyCount "68"]
[EventDate "2017.08.12"]
[EventType "swiss"]
[EventRounds "6"]
[EventCountry "ENG"]
[SourceTitle "CBM 179 Extra"]
[Source "ChessBase"]
[SourceDate "2017.08.23"]
[SourceVersion "1"]
[SourceVersionDate "2017.08.23"]
[SourceQuality "1"]

1. d4 Nf6 2. Nf3 d5 3. Bf4 c5 4. e3 Nc6 5. c3 Qb6 6. Qd2 c4 7. Be2 Bf5 8. Nh4 Bxb1 9. Rxb1 g5 10. Bxg5 Ne4 11. Qc2 Nxg5 12. Qf5 Ne4 13. 0-0 e6 14. Qh5 Nd2 15. Bg4 Nd8 16. Rfd1 Nxb1 17. Rxb1 Rg8 18. Bf3 h6 19. e4 Rg5 20. exd5 Rxh5 21. Bxh5 exd5 22. Re1+ Ne6 23. g3 0-0-0 24. Bxf7 Ng5 25. Bh5 Qxb2 26. Bg4+ Kb8 27. f4 Ne4 28. Re2 Qxc3 29. Nf5 Bg7 30. Nxg7 Qxd4+ 31. Kg2 Qxg7 32. Bf3 c3 33. Rc2 Qd4 34. Bxe4 Qxe4+ 0-1

[Event "London Classic op U1600 8th"]
[Site "London"]
[Date "2016.12.10"]
[Round "2"]
[White "Gelain Sohn, Elias"]
[Black "Trivedi, Aarnavh"]
[Result "1-0"]
[WhiteElo "1462"]
[BlackElo "1240"]
[PlyCount "71"]
[EventDate "2016.12.09"]
[EventType "swiss"]
[EventRounds "5"]
[EventCountry "ENG"]
[SourceTitle "EXT 2019"]
[Source "ChessBase"]
[SourceDate "2018.10.10"]
[SourceVersion "1"]
[SourceVersionDate "2018.10.10"]
[SourceQuality "1"]

1. e4 c6 2. d4 d5 3. Nd2 dxe4 4. Nxe4 Bf5 5. Ng3 Bg6 6. Nf3 Nd7 7. h4 h6 8. h5 Bh7 9. Bd3 Bxd3 10. Qxd3 Ngf6 11. Bf4 Qa5+ 12. Bd2 Qc7 13. 0-0-0 e6 14. Kb1 Bd6 15. Ne4 Nxe4 16. Qxe4 0-0-0 17. c4 c5 18. Bc3 Nf6 19. Qe2 Rhe8 20. b3 Qc6 21. Rde1 Bc7 22. g3 Bb6 23. Ne5 Qc7 24. dxc5 Bxc5 25. f4 Bd6 26. Qb2 Kb8 27. b4 Rc8 28. c5 Rf8 29. Bd4 Be7 30. Nxf7 Rxf7 31. Be5 Ka8 32. Bxc7 Rxc7 33. Rxe6 Nd5 34. Rhe1 a6 35. Qb3 Rd7 36. R6e5 1-0